Rozvoj manažérov - Koučing

Koučovanie v teoretickej aj praktickej rovine. Teoretické výsledky skúmanej problematiky orientované najmä na vzdelávanie, rozvoj pracovníkov a metódy vzdelávania. Vymedzenie koučingu a výsledky prieskumu.

Na minha lista:
Detalhes bibliográficos
Autor principal: Hadarová, Daniela
Formato: Capítulo de Livro
Idioma:eslovaco
Assuntos:
Tags: Adicionar Tag
Sem tags, seja o primeiro a adicionar uma tag!

MARC

LEADER 00000nla a2200000 4500
001 0167215
005 20240502072921.4
041 0 |a slo 
044 |a SK 
245 1 0 |a Rozvoj manažérov - Koučing  |c Daniela Hadarová 
520 |a Koučovanie v teoretickej aj praktickej rovine. Teoretické výsledky skúmanej problematiky orientované najmä na vzdelávanie, rozvoj pracovníkov a metódy vzdelávania. Vymedzenie koučingu a výsledky prieskumu. 
610 2 0 |a koučovanie 
610 2 0 |a poradenstvo profesionálne 
610 2 0 |a manažéri 
610 2 0 |a metódy riadenia 
610 2 0 |a pracovníci riadiaci 
610 2 0 |a procesy podnikové 
100 1 |a Hadarová, Daniela